|
|
|
|
| LEADER |
00000nam a22000007a 4500 |
| 005 |
2020030402472.0 |
| 007 |
cr|||| |||| |
| 008 |
200304c20199999es tr|w s|||| 0|||b1cat d |
| 035 |
|
|
|a 31139
|
| 040 |
|
|
|a vLex
|
| 090 |
|
|
|c 10171
|d 10171
|
| 245 |
0 |
0 |
|a Revista Directum
|h [Recurso electrn̤ico] /
|
| 256 |
|
|
|a Servicio en ln̕ea
|
| 260 |
|
|
|a Barcelona:
|b Fṛum d'Advocacia de la Generalitat,
|c 2019 -
|
| 300 |
|
|
|a 1 recurso electrn̤ico
|
| 310 |
|
|
|a Cuatrimestral
|
| 362 |
|
|
|a Nð 1 (Ene. 2019) -
|
| 506 |
1 |
|
|a Disponible solo en los productos indicados
|d vLex Global
|d vLex Global (Academic Edition, excluding Law Schools)
|d vLex Global (U.S. Academic Edition, Law Schools)
|d vLex Global (U.S. Academic Edition, excluding Law Schools)
|d vLex Global (Academic Edition, Law Schools)
|
| 650 |
0 |
4 |
|a Derecho Civil
|z Espaą
|
| 650 |
0 |
4 |
|a Derecho Mercantil y de la Empresa
|z Espaą
|
| 650 |
0 |
4 |
|a Derecho Penal
|z Espaą
|
| 650 |
0 |
4 |
|a Derecho Pb︢lico y Administrativo
|z Espaą
|
| 650 |
0 |
4 |
|a Derecho de las Nuevas Tecnologa̕s
|z Espaą
|
| 650 |
0 |
4 |
|a Derecho Constitucional
|z Espaą
|
| 740 |
0 |
|
|a vLex Revistas (Servicio en ln̕ea)
|
| 856 |
4 |
0 |
|u http://vlex.com/source/revista-directum-31139
|z Acceso restringido
|
| 942 |
|
|
|c REV
|
| 999 |
0 |
|
|a Civil Law
|
| 999 |
0 |
|
|a Commercial and Business Law
|
| 999 |
0 |
|
|a Criminal Law
|
| 999 |
0 |
|
|a Public and Administrative Law
|
| 999 |
0 |
|
|a New Technology Law
|
| 999 |
0 |
|
|a Constitutional Law
|